000 01078nam a22002417a 4500
999 _c966
_d966
003 AR-CdUCM
008 190226b ||||| |||| 00| 0 spa d
020 _a9972511030
040 _aMUNICIPALIDAD PROVINCIAL DEL CUSCO
_cBIBLIOTECA MUNICIPAL DEL CUSCO
082 _a355.5 /
_bC79
100 _aCosta, Gino
_93761
245 _aLiderazgo civil en el Ministerio del Interior :
_bTestimonio de una experiencia de reforma policial y gestión democrática de la seguridad en el Perú /
260 _aLima :
_bInstituto de Estudios Peruanos,
_c2004.
300 _a306 paginas ;
_c20.5 cm.
440 _aIdeología y política
_n21
_93762
505 _aContenido: Principio de nuestra gestión institucional -- Principios para la conducción civil y democrática de la seguridad -- La comisión de la reestructuración -- La desmilitarización ...
650 _aGestion Democratica Peruana
_93763
650 _aReforma Policial Peruana
_93764
650 _aMinisterio del Interior Peru
_93765
700 _aBasombrio, Carlos
_93766
942 _2ddc
_cLIBROS
945 _artm
_d2019-02-26